| 000 | 00588cam a2200205 4500 | ||
|---|---|---|---|
| 001 | D16232 | ||
| 008 | 090401t1968 xxu||||| |||| 00| 0 eng d | ||
| 035 | _a(Sirsi) u28097 | ||
| 041 | _aeng | ||
| 050 | _a692.3 | ||
| 110 |
_aRoyal Institution of Chartered Surveyors _94900 |
||
| 245 | _aStandard method of measurement of building works, authorised by agreement between the RICS and the NFBTE | ||
| 250 | _a5th metric | ||
| 260 |
_aLondon _bRICS/NFBTE _c1968 |
||
| 300 | _axii. 109p. 30cm | ||
| 350 | _a0 | ||
| 520 | _aFiled at SMM 1968/1 BCDH | ||
| 942 | _n0 | ||
| 948 | _c04/03/1997 | ||
| 999 |
_c89204 _d89204 |
||